| 000 | 00433nam a2200169Ia 4500 | ||
|---|---|---|---|
| 100 | _aLin/Fuhua Oscar | ||
| 650 | _aSoftware | ||
| 942 | _cRB | ||
| 366 | _f25 | ||
| 654 | _adistributed software | ||
| 245 | _aDesigning distributed learning environments with intelligent software agents | ||
| 260 |
_bInformation science publishing _c2005 |
||
| 082 |
_a5.14 _bLIN |
||
| 300 | _a311 | ||
| 546 |
_aENGLISH _cComputers |
||
| 999 |
_c25970 _d25970 |
||